000 00307nam a22001337a 4500
008 181012b xxu||||| |||| 00| 0 eng d
020 _a0935734198
041 _aeng
080 _a574
100 _a9
101 _aMJE
245 _aConservation Farming on Steep Lands
_cMoldenhauer, W.C
942 _2udc
_cBK
999 _c49505
_d49505